[Event "Guayaquil Feda 176 op"]
[Site "Guayaquil"]
[Date "2012.01.20"]
[Round "2"]
[White "Olvera Urena, Yasser"]
[Black "Silva Paredes, Jair"]
[Result "1-0"]
[WhiteElo "1819"]
[BlackElo "1452"]
[PlyCount "80"]
[EventDate "2012.01.20"]
[EventType "swiss"]
[EventRounds "7"]
[EventCountry "ECU"]
[SourceTitle "EXT 2014"]
[Source "ChessBase"]
[SourceDate "2013.11.20"]
[SourceVersion "1"]
[SourceVersionDate "2013.11.20"]
[SourceQuality "1"]

1. e4 g6 2. d4 Bg7 3. Nc3 d6 4. Be3 Nf6 5. f3 0-0 6. Qd2 Nbd7 7. g4 c5 8. dxc5 dxc5 9. 0-0-0 Qa5 10. Bh6 Nb6 11. Bxg7 Kxg7 12. e5 Ng8 13. a3 Be6 14. Nb5 Qxd2+ 15. Rxd2 Bc4 16. Nh3 Bxf1 17. Rxf1 a6 18. Nc3 Nc4 19. Re2 b5 20. e6 b4 21. axb4 cxb4 22. Nd5 a5 23. exf7 Rxf7 24. Ng5 Rf6 25. Nxf6 exf6 26. Ne6+ Kf7 27. Rd1 Ra7 28. Rd8 a4 29. Rf8+ Ke7 30. Rxg8 Kd6 31. Nd4 a3 32. bxa3 bxa3 33. Kb1 Rb7+ 34. Ka1 Kc5 35. c3 Na5 36. Re6 Kc4 37. Ra8 Nb3+ 38. Nxb3 Kxb3 39. Rxf6 Kc2 40. Ka2 Rb3 1-0